| 000 | 00519nam a2200181 a 4500 | ||
|---|---|---|---|
| 005 | 20260427105815.0 | ||
| 008 | 260416s2026##################000#0#eng## | ||
| 020 |
_a9781841138060 _qhbk |
||
| 041 | _aeng | ||
| 082 | 0 | 4 | _a346.41066 ARM |
| 100 | _aEdited by Armour,John | ||
| 245 | 1 | 0 |
_aRationality in Company Law _bEssays in Honour of DD Prentice _cJohn Armour |
| 260 |
_aNorth America _bHart Publishing. _c2009 |
||
| 300 |
_a400p. : _c24cm. |
||
| 650 | _aPrivate law | ||
| 700 | _aPayne,Jennifer | ||
| 942 | _cENGLISH | ||
| 999 |
_c619396 _d619396 |
||